|
|
|
|
| LEADER |
00615nam a22001577a 4500 |
| 008 |
151221b xxu||||| |||| 00| 0 eng d |
| 020 |
|
|
|a 9780631212379
|
| 082 |
|
|
|a 901 BUR
|
| 245 |
|
|
|a Philosophies of history :
|b from enlightment to postmodernity /
|c edited by Robert M. Burns and Hugh Rayment-Pickard
|
| 260 |
|
|
|b Blackwell
|c 2004.
|
| 300 |
|
|
|a 360p.
|
| 650 |
|
|
|a History
|
| 650 |
|
|
|a Philosophy of history
|
| 942 |
|
|
|2 ddc
|c BK
|
| 999 |
|
|
|c 13408
|d 13408
|
| 952 |
|
|
|0 0
|1 0
|2 ddc
|4 0
|6 901_000000000000000_BUR
|7 0
|9 19112
|a MAIN
|b MAIN
|d 2015-12-21
|e Mathrubhumi Books
|g 4876.00
|l 1
|m 1
|o 901 BUR
|p 19505
|r 2016-03-22
|s 2015-12-21
|t 1
|w 2015-12-21
|y BK
|